<?xml version="1.0" encoding="UTF-8"?>
<collection xmlns="http://www.loc.gov/MARC21/slim">
 <record>
  <leader>00968nam a2200181   4500</leader>
  <controlfield tag="001">1/33670</controlfield>
  <controlfield tag="008">071025s2003    gr       b    10110 gre  </controlfield>
  <datafield tag="035" ind1=" " ind2=" ">
   <subfield code="l">36101</subfield>
  </datafield>
  <datafield tag="040" ind1=" " ind2=" ">
   <subfield code="a">GR-PeUP</subfield>
  </datafield>
  <datafield tag="082" ind1="0" ind2="0">
   <subfield code="a">938.708 ΕΠΙ</subfield>
  </datafield>
  <datafield tag="111" ind1="2" ind2=" ">
   <subfield code="a">Επιστημονική Συνάντηση Ν. Α. Αττικής</subfield>
   <subfield code="n">(11η :</subfield>
   <subfield code="d">2004,</subfield>
   <subfield code="c">Σπάτα, Ελλάδα)</subfield>
  </datafield>
  <datafield tag="245" ind1="1" ind2="0">
   <subfield code="a">Πρακτικά ΙΑ' Επιστημονικής Συνάντησης ΝΑ. Αττικής Σπάτα 11-14 Νοεμβρίου 2004 /</subfield>
   <subfield code="c">επιμ. Χ.Ν. Μπαμπούνης.</subfield>
  </datafield>
  <datafield tag="260" ind1=" " ind2=" ">
   <subfield code="a">Σπάτα :</subfield>
   <subfield code="b">Εταιρεία Μελετών Νοτιοανατολικής Αττικής,</subfield>
   <subfield code="c">2006.</subfield>
  </datafield>
  <datafield tag="300" ind1=" " ind2=" ">
   <subfield code="a">544 σ. ;</subfield>
   <subfield code="c">24 εκ.</subfield>
  </datafield>
  <datafield tag="651" ind1=" " ind2="0">
   <subfield code="a">Αττική (Νομός)</subfield>
   <subfield code="x">Ιστορία.</subfield>
  </datafield>
  <datafield tag="651" ind1=" " ind2="0">
   <subfield code="a">Αττική (Νομός)</subfield>
   <subfield code="x">Αρχαιότητες.</subfield>
  </datafield>
  <datafield tag="700" ind1="1" ind2=" ">
   <subfield code="a">Μπαμπούνης, Χάρης Ν.</subfield>
  </datafield>
  <datafield tag="852" ind1=" " ind2=" ">
   <subfield code="a">INST</subfield>
   <subfield code="b">UNIPILB</subfield>
   <subfield code="c">MAIN</subfield>
   <subfield code="e">20071031</subfield>
   <subfield code="h">938.708 ΕΠΙ</subfield>
   <subfield code="p">00153971</subfield>
   <subfield code="q">00153971</subfield>
   <subfield code="t">LOAN</subfield>
   <subfield code="y">0</subfield>
   <subfield code="4">1</subfield>
  </datafield>
 </record>
</collection>
